Teória tuhých látok

Guardado en:
Detalles Bibliográficos
Formato: Libro
Publicado: Bratislav : Veda, 1985
Edición:2.dopl.vyd.
Etiquetas: Agregar Etiqueta
Sin Etiquetas, Sea el primero en etiquetar este registro!

MARC

LEADER 00000nam a22000003a 4500
001 stu14568
005 20150408181731.5
008 ------s1985----cs----------------------d
040 |a STU  |b slo 
041 0
044 |a cs 
080 |a 539.2 
245 |a Teória tuhých látok 
250 |a 2.dopl.vyd. 
260 |a Bratislav :  |b Veda,  |c 1985 
300 |a 578 s :  |b Grafy,lit.,index 
996 |b C77740  |c C*77740  |l CCXXIII  |s P  |a 0  |w stu14568_0001 
996 |b C78555  |c C*78555  |l CCIII  |s P  |a 0  |w stu14568_0002 
996 |b C79002  |c C*79002  |l CCV  |s P  |a 0  |w stu14568_0003 
996 |b C83794  |c C*83794  |l CCV  |s P  |a 0  |w stu14568_0004